Sportifs Francais en images #1 - Statistiques

Statistiques générales
  • Ce quiz a été pris 169 fois
  • Le résultat moyen est 9 sur 16
Statistiques - réponses
Par images Réponse % Correct
Gael Monfils
93%
Antoine Dupont
92%
Pierre Gasly
90%
Bradley Barcola
87%
Laure Manaudou
85%
Evan Fournier
72%
Earvin Ngapeth
66%
Tony Yoka
64%
Jean-Pierre Papin
55%
Quentin Fillon-Maillet
42%
Romane Dicko
41%
Marion Bartoli
36%
Sébastien Ogier
36%
Perrine Laffont
33%
Dika Mem
28%
Louisa Necib
15%
Aucun quiz correspondant
Distribution des résultats
% des personnes avec chaque résultat
Percentile par nombre de réponses
Votre historique - résultats
Vous n’avez pas pris ce quiz